Statistics for Small Mammals of Iowa

Click here to take the quiz!

General Stats

  • This quiz has been taken 18 times
  • The average score is 19 of 40

Answer Stats

Answer% Correct
Beaver
91%
American Badger
82%
Raccoon
82%
Red Fox
82%
Virginia Opossum
82%
Muskrat
73%
Southern Flying Squirrel
73%
Eastern Gray Squirrel
64%
Fox Squirrel
64%
Gray Fox
64%
Mink
64%
Red Squirrel
64%
River Otter
64%
Eastern Chipmunk
55%
Eastern Cottontail
55%
Spotted Skunk
55%
Striped Skunk
55%
Thirteen-lined Ground Squirrel
55%
Eastern Mole
45%
Groundhog
45%
House Mouse
45%
Plains Pocket Gopher
45%
White-tailed Jackrabbit
45%
Franklin's Ground Squirrel
36%
Least Shrew
36%
Least Weasel
36%
Northern Short-tailed Shrew
36%
Peromyscus
36%
Short-tailed Weasel
36%
Southern Bog Lemming
36%
Brown Rat
27%
Long-tailed Weasel
27%
Masked Shrew
27%
Meadow Vole
27%
Meadow Jumping Mouse
18%
Northern Grasshopper Mouse
18%
Plains Pocket Mouse
18%
Prairie Vole
18%
Western Harvest Mouse
18%
Woodland Vole
18%

Score Distribution

Percentile by Number Answered

Percent of People with Each Score

Your Score History

You have not taken this quiz